Kamus dwibahasa : bahasa Inggeris - bahasa Melayu.

Bibliographic Details
Format: Book
Published: Kuala Lumpur: Dewan Bahasa dan Pustaka, 2002.
Edition:2nd ed..
Subjects:
LEADER 00524cam a2200157 7i4500
001 0000021081
005 20220119090000.0
020 0 0 |a 983-62-6884-7  
090 0 0 |a R 499.23321   |b KAM 
245 0 0 |a Kamus dwibahasa :   |b bahasa Inggeris - bahasa Melayu. 
250 0 0 |a 2nd ed.. 
260 0 0 |a Kuala Lumpur:   |b Dewan Bahasa dan Pustaka,   |c 2002. 
300 # # |a 1498 p. 
650 0 0 |a English language --   |x Directories --   |x Malay  
650 0 0 |a Malay language --   |x Directories --   |x English  
999 |a B000022247  |b Book  |c Reference  |e Business Information Centre